| 000 | 00925nam a22002537a 4500 | ||
|---|---|---|---|
| 005 | 20170123164142.0 | ||
| 010 | _aB-071311 | ||
| 020 |
_c100.00 _a8178830906 |
||
| 035 | _aB-071311 | ||
| 037 | _bCen Lib/Ret | ||
| 040 |
_aDPL _bPN |
||
| 082 |
_a852 _bਸਵਰਾ |
||
| 100 |
_aਸਵਰਾਜਬੀਰ _9116106 |
||
| 245 |
_aਮੇਦਨੀ : _cਸਵਰਾਜਬੀਰ _bਨਾਟਕ / |
||
| 246 |
_aMedni : a play in two acts / _bby Swarajbir |
||
| 260 |
_aਲੁਧਿਆਣਾ _bਚੇਤਨਾ ਪ੍ਰਕਾਸ਼ਨ _c2002 |
||
| 270 |
_aਪੰਜਾਬੀ ਮਹਲ _bਲੁਧਿਆਣਾ _e110006 |
||
| 300 |
_a116p ; _c20cm |
||
| 650 |
_aਪੰਜਾਬੀ ਸਾਹਿਤ-ਨਾਟਕ _9116107 |
||
| 650 |
_aਪੰਜਾਬੀ ਸਾਹਿਤਯ _9116108 |
||
| 650 |
_aPunjabi - literature _9781 |
||
| 650 |
_aPunjabi - Punjabi - Play _9116109 |
||
| 942 |
_2ddc _cPN _h852 _mਸਵਰਾ |
||
| 999 |
_c109728 _d109728 |
||